<?xml version="1.0" encoding="UTF-8"?>
<record
    xmlns:xsi="http://www.w3.org/2001/XMLSchema-instance"
    xsi:schemaLocation="http://www.loc.gov/MARC21/slim http://www.loc.gov/standards/marcxml/schema/MARC21slim.xsd"
    xmlns="http://www.loc.gov/MARC21/slim">

  <leader>00888    a2200229   4500</leader>
  <datafield tag="010" ind1=" " ind2=" ">
    <subfield code="a">TML-30347</subfield>
  </datafield>
  <datafield tag="020" ind1=" " ind2=" ">
    <subfield code="a">8123410697</subfield>
    <subfield code="c">20.00</subfield>
  </datafield>
  <datafield tag="035" ind1=" " ind2=" ">
    <subfield code="a">TM-28583</subfield>
  </datafield>
  <datafield tag="037" ind1=" " ind2=" ">
    <subfield code="b">D.B.Act / pub /</subfield>
  </datafield>
  <datafield tag="082" ind1=" " ind2=" ">
    <subfield code="a">894.8114</subfield>
  </datafield>
  <datafield tag="090" ind1=" " ind2=" ">
    <subfield code="c">1181</subfield>
    <subfield code="d">1181</subfield>
  </datafield>
  <datafield tag="100" ind1=" " ind2=" ">
    <subfield code="a">&#xBAA;&#xBCB;&#xBA4;&#xBCD;&#xBA4;&#xBBF;&#xBB0;&#xBC6;&#xB9F;&#xBCD;&#xB9F;&#xBBF;</subfield>
  </datafield>
  <datafield tag="245" ind1=" " ind2=" ">
    <subfield code="a"> &#xBAA;&#xBBE;&#xBB0;&#xBA4;&#xBBF;&#xBAF;&#xBBE;&#xBB0;&#xBCD; &#xB9A;&#xBC1;&#xBA4;&#xBC7;&#xB9A;&#xBAE;&#xBBF;&#xBA4;&#xBCD;&#xBA4;&#xBBF;&#xBB0;&#xBA9;&#xBCD; &#xB95;&#xB9F;&#xBCD;&#xB9F;&#xBC1;&#xBB0;&#xBC8;&#xB95;&#xBB3;&#xBCD; &#xBAE;&#xBC0;&#xBB3;&#xBBE;&#xBAF;&#xBCD;&#xBB5;&#xBC1;</subfield>
    <subfield code="c">by  &#xBAA;&#xBCB;&#xBA4;&#xBCD;&#xBA4;&#xBBF;&#xBB0;&#xBC6;&#xB9F;&#xBCD;&#xB9F;&#xBBF;</subfield>
  </datafield>
  <datafield tag="246" ind1=" " ind2=" ">
    <subfield code="a">Bharathiyar sudesamitran katturaigal</subfield>
    <subfield code="b">by Pothi Reddy</subfield>
  </datafield>
  <datafield tag="250" ind1=" " ind2=" ">
    <subfield code="a">1st ed</subfield>
  </datafield>
  <datafield tag="260" ind1=" " ind2=" ">
    <subfield code="a">Chennai</subfield>
    <subfield code="b">New Century Book House</subfield>
    <subfield code="c">2006</subfield>
  </datafield>
  <datafield tag="270" ind1=" " ind2=" ">
    <subfield code="a">41b, Sidco Indusrial estate , Ambattur</subfield>
    <subfield code="b">Chennai</subfield>
    <subfield code="e">600098</subfield>
  </datafield>
  <datafield tag="300" ind1=" " ind2=" ">
    <subfield code="a">viii, 54p</subfield>
    <subfield code="c">22cm</subfield>
  </datafield>
  <datafield tag="650" ind1=" " ind2=" ">
    <subfield code="a">Tamil Literature</subfield>
    <subfield code="x">Essays</subfield>
  </datafield>
  <datafield tag="942" ind1=" " ind2=" ">
    <subfield code="c">TM</subfield>
    <subfield code="k">894.8114 / POT</subfield>
  </datafield>
  <datafield tag="999" ind1=" " ind2=" ">
    <subfield code="c">1173</subfield>
    <subfield code="d">1173</subfield>
  </datafield>
  <datafield tag="952" ind1=" " ind2=" ">
    <subfield code="0">0</subfield>
    <subfield code="1">0</subfield>
    <subfield code="2">ddc</subfield>
    <subfield code="4">0</subfield>
    <subfield code="7">1</subfield>
    <subfield code="8">NFIC</subfield>
    <subfield code="a">DBAD</subfield>
    <subfield code="b">DBAD</subfield>
    <subfield code="g">20.00</subfield>
    <subfield code="l">0</subfield>
    <subfield code="o">894.8114</subfield>
    <subfield code="p">TM-28583</subfield>
    <subfield code="r">2008-09-15 00:00:00</subfield>
    <subfield code="t">1</subfield>
    <subfield code="u">1238</subfield>
    <subfield code="v">20.00</subfield>
    <subfield code="w">2008-09-15</subfield>
    <subfield code="y">TM</subfield>
  </datafield>
</record>
